Normal view
MARC view
- Grey Maggie
Entry Personal Name
001 - CONTROL NUMBER
- control field: 2821
003 - CONTROL NUMBER IDENTIFIER
- control field: OSt
005 - DATE AND TIME OF LATEST TRANSACTION
- control field: 20220708091740.0
008 - FIXED-LENGTH DATA ELEMENTS
- fixed length control field: 220708|| aca||aabn | a|a d
040 ## - CATALOGING SOURCE
- Original cataloging agency: OSt
- Transcribing agency: OSt
100 ## - HEADING--PERSONAL NAME
- Personal name: Grey Maggie
670 ## - SOURCE DATA FOUND
- Source citation: Work cat.: (OSt)5042: Grey Maggie, Raising the surface with machine embroidery